[Event "GER-chT U20"]
[Site "Magdeburg"]
[Date "2023.12.28"]
[Round "3.6"]
[White "Lohr, Maximilian"]
[Black "Helmsdorf, Marius"]
[Result "1/2-1/2"]
[WhiteElo "2061"]
[BlackElo "1891"]
[PlyCount "88"]
[EventDate "2023.12.26"]
[EventType "team-swiss"]
[EventRounds "7"]
[EventCountry "GER"]
[SourceTitle "CB03_2024"]
[SourceDate "2024.01.17"]
[SourceVersion "1"]
[SourceVersionDate "2024.01.17"]
[SourceQuality "1"]
[WhiteTeam "Ergolding"]
[BlackTeam "Gera"]
[WhiteTeamCountry "GER"]
[BlackTeamCountry "GER"]

1. d4 d5 2. Nc3 Nf6 3. Bf4 c5 4. e3 cxd4 5. exd4 Bg4 6. f3 Bd7 7. Nb5 Bxb5 8. Bxb5+ Nc6 9. c3 a6 10. Bd3 e6 11. Qd2 Bd6 12. Ne2 0-0 13. 0-0 b5 14. a3 Na5 15. Bxd6 Qxd6 16. Qf4 Qe7 17. g4 Rfc8 18. g5 Nd7 19. Ng3 Nc4 20. Rf2 a5 21. Re1 Qd6 22. Qh4 g6 23. f4 Nf8 24. Qh6 Qc6 25. f5 exf5 26. Re7 Nd6 27. Bxf5 Nxf5 28. Nxf5 gxf5 29. Qxc6 Rxc6 30. Rxf5 Rg6 31. Rxd5 Rb8 32. h4 Ne6 33. Rf5 h6 34. Rfxf7 hxg5 35. h5 Rg7 36. Rxg7+ Nxg7 37. Re5 Nxh5 38. Rxg5+ Ng7 39. Kf2 Kf7 40. Ke3 Kf6 41. Rd5 a4 42. Kd3 Ke6 43. Re5+ Kd6 44. c4 bxc4+ 1/2-1/2

[Event "Mittelfrank Regionalliga Sud-Ost 2223"]
[Site "Mittelfranken"]
[Date "2023.02.05"]
[Round "6.2"]
[White "Lohr, Maximilian"]
[Black "Tunka, Philipp"]
[Result "1/2-1/2"]
[WhiteElo "2115"]
[BlackElo "2054"]
[PlyCount "61"]
[EventDate "2022.10.09"]
[EventType "team-tourn"]
[EventRounds "9"]
[EventCountry "GER"]
[SourceTitle "EXT 2024"]
[Source "ChessBase"]
[SourceDate "2023.10.10"]
[SourceVersion "1"]
[SourceVersionDate "2023.10.10"]
[SourceQuality "1"]
[WhiteTeam "Ergolding"]
[BlackTeam "Groebenzell II"]
[WhiteTeamCountry "GER"]
[BlackTeamCountry "GER"]

1. d4 d5 2. Nc3 Nf6 3. Bf4 c6 4. e3 Bf5 5. f3 e6 6. g4 Bg6 7. h4 h5 8. g5 Nfd7 9. Bd3 Bxd3 10. Qxd3 Be7 11. 0-0-0 Na6 12. g6 f6 13. e4 Nf8 14. Nh3 Qd7 15. a3 0-0-0 16. exd5 exd5 17. Rde1 Bd6 18. Re2 Nc7 19. Bxd6 Qxd6 20. Rhe1 Rh6 21. Rg2 Nce6 22. Ne2 c5 23. Qf5 Qd7 24. Nhf4 Nxd4 25. Nxd4 cxd4 26. Nxd5 Qxf5 27. Ne7+ Kc7 28. Nxf5 Rxg6 29. Rxg6 Nxg6 30. Nxg7 Rd5 31. Re6 1/2-1/2

[Event "GER-chT U20"]
[Site "Muenster"]
[Date "2022.12.28"]
[Round "4"]
[White "Lohr, Maximilian"]
[Black "Koll, Linus"]
[Result "1-0"]
[WhiteElo "2133"]
[BlackElo "2058"]
[PlyCount "59"]
[EventDate "2022.12.26"]
[EventType "team-swiss"]
[EventRounds "7"]
[EventCountry "GER"]
[SourceTitle "CBM 212 Extra"]
[Source "ChessBase"]
[SourceDate "2023.03.31"]
[SourceVersion "1"]
[SourceVersionDate "2023.03.31"]
[SourceQuality "1"]
[WhiteTeam "Ergolding"]
[BlackTeam "Karlsruhe"]
[WhiteTeamCountry "GER"]
[BlackTeamCountry "GER"]

1. e4 c5 2. Nf3 d6 3. d4 cxd4 4. Nxd4 Nf6 5. Nc3 g6 6. Be3 Bg7 7. f3 0-0 8. Qd2 Nc6 9. Bc4 Bd7 10. 0-0-0 Rc8 11. Bb3 Nxd4 12. Bxd4 b5 13. Nd5 Nxd5 14. Bxg7 Kxg7 15. exd5 a5 16. a3 Kg8 17. h4 b4 18. a4 f6 19. h5 g5 20. f4 gxf4 21. Qxf4 Qe8 22. Rd3 Kh8 23. Rg3 Rf7 24. h6 Bxa4 25. Bxa4 Qxa4 26. Qf5 Rg8 27. Rxg8+ Kxg8 28. Qc8+ Rf8 29. Qe6+ Rf7 30. Rh4 1-0

[Event "GER-chT U20"]
[Site "Muenster"]
[Date "2022.12.27"]
[Round "1"]
[White "Waffenschmidt, Lars"]
[Black "Lohr, Maximilian"]
[Result "1-0"]
[WhiteElo "2287"]
[BlackElo "2133"]
[PlyCount "103"]
[EventDate "2022.12.26"]
[EventType "team-swiss"]
[EventRounds "7"]
[EventCountry "GER"]
[SourceTitle "CBM 212 Extra"]
[Source "ChessBase"]
[SourceDate "2023.03.31"]
[SourceVersion "1"]
[SourceVersionDate "2023.03.31"]
[SourceQuality "1"]
[WhiteTeam "Bebenhausen"]
[BlackTeam "Ergolding"]
[WhiteTeamCountry "GER"]
[BlackTeamCountry "GER"]

1. e4 e5 2. Nf3 Nf6 3. Nxe5 Nxe4 4. Qe2 Qe7 5. Qxe4 d6 6. d4 dxe5 7. dxe5 Nc6 8. Nc3 Qxe5 9. Qxe5+ Nxe5 10. Bf4 f6 11. Bxe5 fxe5 12. 0-0-0 Bd6 13. Bb5+ Bd7 14. Bxd7+ Kxd7 15. Ne4 Rad8 16. Rd3 Ke7 17. Rhd1 Rhf8 18. c4 Rf4 19. f3 b6 20. c5 bxc5 21. Ra3 Rff8 22. Rxa7 Ra8 23. Rxa8 Rxa8 24. a3 Ra5 25. Kc2 Kd7 26. Kc3 Kc6 27. Ra1 Be7 28. a4 Ra8 29. b3 h5 30. Rd1 g5 31. Nd2 Rd8 32. Kc2 Rg8 33. Kd3 g4 34. Ke2 Bd6 35. fxg4 Rxg4 36. g3 h4 37. Rg1 e4 38. h3 Rg8 39. g4 Kd5 40. Rd1 Kd4 41. Rc1 Kd5 42. Rc4 Rb8 43. Rxe4 Rxb3 44. Nxb3 Kxe4 45. Nd2+ Kd4 46. a5 c4 47. a6 Bc5 48. Nf3+ Ke4 49. Nxh4 c3 50. Nf3 Be3 51. Ne1 Bb6 52. g5 1-0

[Event "Vlissingen HZ op 24th"]
[Site "Vlissingen"]
[Date "2022.08.12"]
[Round "8"]
[White "Lohr, Maximilian"]
[Black "Bezemer, Arno J"]
[Result "1-0"]
[WhiteElo "2112"]
[BlackElo "2278"]
[PlyCount "69"]
[EventDate "2022.08.06"]
[EventType "swiss"]
[EventRounds "9"]
[EventCountry "NED"]
[SourceTitle "CBM 209 Extra"]
[Source "ChessBase"]
[SourceDate "2022.09.30"]
[SourceVersion "1"]
[SourceVersionDate "2022.09.30"]
[SourceQuality "1"]

1. d4 Nf6 2. Nc3 d5 3. Bf4 c5 4. e3 cxd4 5. exd4 a6 6. Nf3 Nc6 7. Ne5 Bd7 8. Be2 e6 9. a3 Qb6 10. Be3 Bd6 11. f4 0-0 12. Qd3 Qxb2 13. 0-0 Qb6 14. g4 Qc7 15. g5 Bxe5 16. fxe5 Ne4 17. Nxe4 dxe4 18. Qxe4 Ne7 19. Bd3 Nf5 20. c4 Rfe8 21. a4 Rad8 22. a5 Bc8 23. Rf4 b5 24. axb6 Qxb6 25. Rb1 Qa7 26. Bf2 Qc7 27. Qf3 Re7 28. Qh3 g6 29. Rc1 Nxd4 30. Rxd4 Rxd4 31. Bxd4 Rd7 32. Qe3 Qd8 33. Bb6 Rxd3 34. Bxd8 Rxe3 35. Rd1 1-0

[Event "GER-chT U20"]
[Site "Kiel"]
[Date "2022.07.26"]
[Round "7.3"]
[White "Suvorov, Luca"]
[Black "Lohr, Maximilian"]
[Result "1/2-1/2"]
[WhiteElo "2308"]
[BlackElo "2092"]
[PlyCount "58"]
[EventDate "2022.07.22"]
[EventType "team-swiss"]
[EventRounds "7"]
[EventCountry "GER"]
[SourceTitle "CBM 209 Extra"]
[Source "ChessBase"]
[SourceDate "2022.09.30"]
[SourceVersion "1"]
[SourceVersionDate "2022.09.30"]
[SourceQuality "1"]
[WhiteTeam "Porz SG"]
[BlackTeam "Ergolding"]
[WhiteTeamCountry "GER"]
[BlackTeamCountry "GER"]

1. d4 d5 2. c4 c6 3. Nc3 Nf6 4. e3 e6 5. Nf3 Bd6 6. Qc2 Nbd7 7. Bd3 Qe7 8. 0-0 e5 9. cxd5 cxd5 10. e4 dxe4 11. Nxe4 Nxe4 12. Bxe4 h6 13. Re1 0-0 14. Bf5 Re8 15. Bd2 Qd8 16. Bxd7 Bxd7 17. dxe5 Rc8 18. Qe4 Bc6 19. Qf4 Bc5 20. Bc3 Re6 21. Nd2 Qd5 22. Ne4 Rd8 23. Kh1 f5 24. Qxf5 Rf8 25. Qg4 h5 26. Qd1 Bxf2 27. Re2 Bb6 28. Qxd5 Bxd5 29. a3 Rg6 1/2-1/2

[Event "Mittelfrank Regionalliga Sud-Ost 2122"]
[Site "Mittelfranken"]
[Date "2022.03.20"]
[Round "4.1"]
[White "Lohr, Maximilian"]
[Black "Sailer, Wolfgang"]
[Result "1/2-1/2"]
[WhiteElo "2125"]
[BlackElo "2170"]
[PlyCount "47"]
[EventDate "2021.10.24"]
[EventType "team-tourn"]
[EventRounds "9"]
[EventCountry "GER"]
[SourceTitle "EXT 2024"]
[Source "ChessBase"]
[SourceDate "2023.10.10"]
[SourceVersion "1"]
[SourceVersionDate "2023.10.10"]
[SourceQuality "1"]
[WhiteTeam "Ergolding"]
[BlackTeam "Neuburg"]
[WhiteTeamCountry "GER"]
[BlackTeamCountry "GER"]

1. e4 c5 2. Nf3 d6 3. d4 cxd4 4. Nxd4 Nf6 5. Nc3 a6 6. h3 e6 7. g4 Be7 8. g5 Nfd7 9. Be3 Nc6 10. h4 0-0 11. Qd2 Nxd4 12. Qxd4 b5 13. a3 Rb8 14. f4 b4 15. axb4 d5 16. exd5 Rxb4 17. Qd2 Bc5 18. dxe6 fxe6 19. Bh3 Qb6 20. Bxc5 Nxc5 21. 0-0-0 Rxb2 22. Qd6 Qb4 23. Qd4 Qb6 24. Qd6 1/2-1/2

[Event "Bayern-chI Bank Hofmann 24th"]
[Site "Tegernsee"]
[Date "2021.10.30"]
[Round "1"]
[White "Noe, Christopher"]
[Black "Lohr, Maximilian"]
[Result "1-0"]
[WhiteElo "2530"]
[BlackElo "2122"]
[PlyCount "95"]
[EventDate "2021.10.30"]
[EventType "swiss"]
[EventRounds "9"]
[EventCountry "GER"]
[SourceTitle "CBM 205 Extra"]
[Source "ChessBase"]
[SourceDate "2022.01.31"]
[SourceVersion "1"]
[SourceVersionDate "2022.01.31"]
[SourceQuality "1"]

1. d4 Nf6 2. c4 e6 3. Nf3 c5 4. d5 exd5 5. cxd5 d6 6. Nc3 g6 7. Nd2 Bg7 8. e4 0-0 9. Be2 a6 10. a4 Ne8 11. 0-0 f5 12. exf5 Bxf5 13. Nc4 Bc8 14. Bg4 Nd7 15. Be6+ Kh8 16. Qb3 Rb8 17. a5 Ne5 18. Nb6 Bxe6 19. dxe6 Qe7 20. Ne4 Nc7 21. f4 Nxe6 22. fxe5 Rxf1+ 23. Kxf1 Nd4 24. Qd3 Qxe5 25. Be3 Qxh2 26. Bg1 Rf8+ 27. Nf2 Qh4 28. Re1 Nf5 29. g4 Nd4 30. Nd7 c4 31. Qe3 Nc2 32. Qe4 Qh3+ 33. Ke2 Rxf2+ 34. Bxf2 Qd3+ 35. Qxd3 cxd3+ 36. Kxd3 Nxe1+ 37. Bxe1 Bxb2 38. g5 Kg8 39. Bd2 Kf7 40. Ke4 Ke6 41. Nf8+ Kf7 42. Nxh7 Kg7 43. Kd5 Kxh7 44. Kxd6 Kg7 45. Kc7 Kf7 46. Kxb7 Ke6 47. Kxa6 Bd4 48. Kb7 1-0

[Event "GER-ch U16"]
[Site "Willingen"]
[Date "2020.10.21"]
[Round "3"]
[White "Mainka, Alwin"]
[Black "Lohr, Maximilian"]
[Result "1-0"]
[WhiteElo "1954"]
[BlackElo "2108"]
[PlyCount "77"]
[EventDate "2020.10.19"]
[EventType "swiss"]
[EventRounds "7"]
[EventCountry "GER"]
[SourceTitle "EXT 2022"]
[Source "ChessBase"]
[SourceDate "2021.10.06"]
[SourceVersion "1"]
[SourceVersionDate "2021.10.06"]
[SourceQuality "1"]

1. e4 c5 2. Nf3 d6 3. d4 cxd4 4. Nxd4 Nf6 5. Nc3 a6 6. g3 e5 7. Nde2 Be7 8. Bg2 Nbd7 9. a4 b6 10. 0-0 Bb7 11. Be3 0-0 12. h3 Rc8 13. g4 Nc5 14. Ng3 Qc7 15. g5 Ne8 16. h4 g6 17. Bh3 Rd8 18. Nd5 Bxd5 19. Qxd5 Ng7 20. h5 Nge6 21. hxg6 hxg6 22. b4 Nf4 23. Bxf4 exf4 24. Ne2 Nd7 25. Bxd7 Qxd7 26. f3 Rc8 27. c4 a5 28. Nxf4 axb4 29. Nxg6 Rc5 30. Nxe7+ Qxe7 31. Qd4 Rfc8 32. Rac1 Qe5 33. Qxe5 dxe5 34. Rfd1 Kg7 35. Kf2 Rxc4 36. Rxc4 Rxc4 37. Rd5 Rc5 38. Rxc5 bxc5 39. Ke3 1-0

[Event "Pfalz op-A 11th"]
[Site "Neustadt an der Weinstrasse"]
[Date "2020.02.25"]
[Round "8"]
[White "Lohr, Maximilian"]
[Black "Schmider, Bernd"]
[Result "1-0"]
[WhiteElo "1992"]
[BlackElo "2200"]
[PlyCount "61"]
[EventDate "2020.02.21"]
[EventType "swiss"]
[EventRounds "9"]
[EventCountry "GER"]
[SourceTitle "CBM 195 Extra"]
[Source "ChessBase"]
[SourceDate "2020.05.31"]
[SourceVersion "1"]
[SourceVersionDate "2020.05.31"]
[SourceQuality "1"]

1. e4 c5 2. Nf3 d6 3. d4 cxd4 4. Nxd4 Nf6 5. Nc3 a6 6. Bg5 Nbd7 7. f4 Qa5 8. Qf3 h6 9. Bxf6 Nxf6 10. f5 Bd7 11. 0-0-0 Rc8 12. Kb1 g5 13. fxg6 Bg4 14. gxf7+ Kxf7 15. Qd3 Rxc3 16. bxc3 Bxd1 17. Qxd1 Qxc3 18. Be2 Ke8 19. Qd3 Qb4+ 20. Ka1 Qc5 21. c3 b5 22. Rf1 Qg5 23. Qh3 h5 24. Qc8+ Kf7 25. Qe6+ Kg6 26. e5 Qxe5 27. Bd3+ Kh6 28. Nf5+ Kg5 29. h4+ Kg4 30. Ne3+ Kxh4 31. Qh3+ 1-0